<?xml version="1.0" encoding="UTF-8"?>
<record
    xmlns:xsi="http://www.w3.org/2001/XMLSchema-instance"
    xsi:schemaLocation="http://www.loc.gov/MARC21/slim http://www.loc.gov/standards/marcxml/schema/MARC21slim.xsd"
    xmlns="http://www.loc.gov/MARC21/slim">

  <leader>03259nam a22001937a 4500</leader>
  <controlfield tag="003">IT-RoPau</controlfield>
  <controlfield tag="005">20220918175935.0</controlfield>
  <controlfield tag="008">121120b        xxu||||| |||| 00| 0 eng d</controlfield>
  <datafield tag="040" ind1=" " ind2=" ">
    <subfield code="c">IT-RoPau</subfield>
  </datafield>
  <datafield tag="100" ind1=" " ind2=" ">
    <subfield code="a">Alberione Giacomo</subfield>
    <subfield code="q">Fondatore Famiglia Paolina</subfield>
    <subfield code="9">19</subfield>
  </datafield>
  <datafield tag="245" ind1=" " ind2=" ">
    <subfield code="a">Prediche del Rev. Primo Maestro.</subfield>
    <subfield code="b">Agosto - Novembre 1952. Edizioni Paoline</subfield>
  </datafield>
  <datafield tag="250" ind1=" " ind2=" ">
    <subfield code="a">1</subfield>
  </datafield>
  <datafield tag="260" ind1=" " ind2=" ">
    <subfield code="a">Roma</subfield>
    <subfield code="b">FSP</subfield>
    <subfield code="c">1953</subfield>
  </datafield>
  <datafield tag="300" ind1=" " ind2=" ">
    <subfield code="a">191 p.</subfield>
    <subfield code="c">17 cm</subfield>
  </datafield>
  <datafield tag="490" ind1=" " ind2=" ">
    <subfield code="v">1</subfield>
  </datafield>
  <datafield tag="500" ind1=" " ind2=" ">
    <subfield code="a">Scritti di G. Alberione</subfield>
  </datafield>
  <datafield tag="520" ind1=" " ind2=" ">
    <subfield code="a">Indice
Primo mistero glorioso                                       pag.      5
Secondo mistero glorioso                                   &gt;&gt;       10
Il Fariseo e il pubblicano                                     &gt;&gt;       15
Terzo mistero glorioso                                        &gt;&gt;       19
La buona morte                                                 &gt;&gt;       25
La liturgia della festa dell' Assunta                      &gt;&gt;       31
Imitare Maria Santissima                                   &gt;&gt;       37
Le beatitudini                                                    &gt;&gt;       43
In occasione della consacrazione dell' Altare       &gt;&gt;       50
La carit&#xE0; vicendevole                                         &gt;&gt;       53
La vocazione                                                    &gt;&gt;       58
La riconoscenza                                               &gt;&gt;       62
6 Settembre 1952 ( Ges&#xF9; M. )                           &gt;&gt;        66
Effetti del peccato                                            &gt;&gt;        72
La riparazione                                                  &gt;&gt;        77
Nativit&#xE0; di Maria Santissima                              &gt;&gt;        84
La pace del Giusto                                           &gt;&gt;        89
Santificare la lingua - I                                      &gt;&gt;        94
Santificare la lingua - II                                     &gt;&gt;        99
Santificare la lingua - III                                    &gt;&gt;       104
La vita soprannaturale                                      &gt;&gt;       111
L' apostolato tecnico                                        &gt;&gt;       115
Il nostro apostolato                                          &gt;&gt;       120
Maria Regina degli Apostoli                              &gt;&gt;       126
Misteri gaudiosi                                               &gt;&gt;       131
Angeli Custodi                                                 &gt;&gt;       136
Misteri dolorosi : Ges&#xF9; nel Rosario                    &gt;&gt;       142
Maria nel Rosario                                             &gt;&gt;       147
La Confessione                                                &gt;&gt;       153
La Coroncina a San Paolo                                &gt;&gt;        156
Pregare per le anime purganti                           &gt;&gt;        161
La giornata missionaria                                    &gt;&gt;        165
La Chiesa                                                       &gt;&gt;        169
Il perdono delle offese                                      &gt;&gt;        174
Festa di tutti i Santi                                         &gt;&gt;        179
La Chiesa                                                       &gt;&gt;        184
La piet&#xE0; comune                                             &gt;&gt;         188
</subfield>
  </datafield>
  <datafield tag="942" ind1=" " ind2=" ">
    <subfield code="2">ddc</subfield>
    <subfield code="c">BK</subfield>
  </datafield>
  <datafield tag="999" ind1=" " ind2=" ">
    <subfield code="c">37538</subfield>
    <subfield code="d">37538</subfield>
  </datafield>
  <datafield tag="952" ind1=" " ind2=" ">
    <subfield code="0">0</subfield>
    <subfield code="1">0</subfield>
    <subfield code="2">ddc</subfield>
    <subfield code="4">0</subfield>
    <subfield code="6">P_A3</subfield>
    <subfield code="7">1</subfield>
    <subfield code="a">PAULUS</subfield>
    <subfield code="b">PAULUS</subfield>
    <subfield code="d">2012-11-20</subfield>
    <subfield code="l">0</subfield>
    <subfield code="o">P A3</subfield>
    <subfield code="r">2012-11-20 00:00:00</subfield>
    <subfield code="w">2012-11-20</subfield>
    <subfield code="y">BK</subfield>
  </datafield>
  <datafield tag="952" ind1=" " ind2=" ">
    <subfield code="0">0</subfield>
    <subfield code="1">0</subfield>
    <subfield code="2">ddc</subfield>
    <subfield code="4">0</subfield>
    <subfield code="6">P_A3</subfield>
    <subfield code="7">1</subfield>
    <subfield code="a">PAULUS</subfield>
    <subfield code="b">PAULUS</subfield>
    <subfield code="d">2013-11-02</subfield>
    <subfield code="l">0</subfield>
    <subfield code="o">P A3</subfield>
    <subfield code="r">2013-11-02 00:00:00</subfield>
    <subfield code="w">2013-11-02</subfield>
    <subfield code="y">BK</subfield>
  </datafield>
  <datafield tag="952" ind1=" " ind2=" ">
    <subfield code="0">0</subfield>
    <subfield code="1">0</subfield>
    <subfield code="2">ddc</subfield>
    <subfield code="4">0</subfield>
    <subfield code="6">P_A3</subfield>
    <subfield code="7">1</subfield>
    <subfield code="a">PAULUS</subfield>
    <subfield code="b">PAULUS</subfield>
    <subfield code="d">2013-11-02</subfield>
    <subfield code="l">0</subfield>
    <subfield code="o">P A3</subfield>
    <subfield code="r">2013-11-02 00:00:00</subfield>
    <subfield code="w">2013-11-02</subfield>
    <subfield code="y">BK</subfield>
  </datafield>
</record>
